| 000 | 00537nmm a2200193Ia 4500 | ||
|---|---|---|---|
| 008 | 251105s9999||||xx |||||||||||||||||und|| | ||
| 020 | _a9788498411942 | ||
| 041 | _aspa | ||
| 100 | _aKeret, Etgar | ||
| 245 | 0 |
_aPizzería Kamikaze : _b y otros relatos |
|
| 264 |
_a[Madrid, España] : _bSiruela, _c2012 |
||
| 300 | _a100 páginas | ||
| 490 | _aNuevos tiempos | ||
| 650 | _aOther narratives | ||
| 700 | _aKeret, Etgar | ||
| 700 | 1 | _a Bejarano, Ana María | |
| 856 | _uhttps://public.digitaliapublishing.com/a/38437 | ||
| 942 | _cCF | ||
| 999 |
_c67449 _d67449 |
||